Paul Rand / (Record no. 353031)
[ view plain ]
| 000 -LEADER | |
|---|---|
| fixed length control field | 00938 a2200241 4500 |
| 003 - CONTROL NUMBER IDENTIFIER | |
| control field | OSt |
| 005 - DATE AND TIME OF LATEST TRANSACTION | |
| control field | 20180116192354.0 |
| 008 - FIXED-LENGTH DATA ELEMENTS--GENERAL INFORMATION | |
| fixed length control field | 120605t xxu||||| |||| 00| 0 eng d |
| 020 ## - INTERNATIONAL STANDARD BOOK NUMBER | |
| International Standard Book Number | 0714839949 (pbk.) |
| 020 ## - INTERNATIONAL STANDARD BOOK NUMBER | |
| International Standard Book Number | 9780714839943 |
| 040 ## - CATALOGING SOURCE | |
| Transcribing agency | 0 |
| 082 ## - DEWEY DECIMAL CLASSIFICATION NUMBER | |
| Classification number | 741.6092 |
| 100 ## - MAIN ENTRY--PERSONAL NAME | |
| Personal name | Heller, Steven. |
| 9 (RLIN) | 3904 |
| 245 10 - TITLE STATEMENT | |
| Title | Paul Rand / |
| Statement of responsibility, etc. | Steven Heller ; forward by Armin Hofmann ; introduction by George Lois ; essay by Jessica Helfand. |
| 260 ## - PUBLICATION, DISTRIBUTION, ETC. | |
| Place of publication, distribution, etc. | London : |
| Name of publisher, distributor, etc. | Phaidon, |
| Date of publication, distribution, etc. | 1999. |
| 300 ## - PHYSICAL DESCRIPTION | |
| Extent | 255 p. : |
| Other physical details | ill. (some col.), ports. ; |
| Dimensions | 30 cm. |
| 500 ## - GENERAL NOTE | |
| General note | Includes bibliographical references and index. |
| 600 14 - SUBJECT ADDED ENTRY--PERSONAL NAME | |
| Personal name | Rand, Paul, |
| Dates associated with a name | 1914-1996 |
| General subdivision | Criticism and interpretation. |
| 9 (RLIN) | 3905 |
| 650 10 - SUBJECT ADDED ENTRY--TOPICAL TERM | |
| Topical term or geographic name entry element | Design |
| Geographic subdivision | United States |
| General subdivision | History |
| Chronological subdivision | 20th century. |
| 9 (RLIN) | 3906 |
| 650 10 - SUBJECT ADDED ENTRY--TOPICAL TERM | |
| Topical term or geographic name entry element | Commercial art |
| Geographic subdivision | United States |
| General subdivision | History |
| Chronological subdivision | 20th century. |
| 9 (RLIN) | 3907 |
| 942 ## - ADDED ENTRY ELEMENTS (KOHA) | |
| Institution code [OBSOLETE] | SADA |
| Koha item type | Book |
| Call number prefix | 741.6092 HEL 1999 |
| Source of classification or shelving scheme | |
| 952 ## - LOCATION AND ITEM INFORMATION (KOHA) | |
| -- | BOOK |
| Withdrawn status | Lost status | Source of classification or shelving scheme | Damaged status | Not for loan | Permanent Location | Current Location | Date acquired | Total Checkouts | Full call number | Barcode | Date last seen | Date last checked out | Cost, replacement price | Price effective from | Koha item type |
|---|---|---|---|---|---|---|---|---|---|---|---|---|---|---|---|
| School of Art Design and Architecture (SADA) | School of Art Design and Architecture (SADA) | 05/23/2011 | 2 | 741.6092 HEL 1999 | SADA0001101 | 08/06/2025 | 07/31/2025 | 2727.00 | 08/05/2011 | Book |
